Savitri : (Record no. 64221)

MARC details
000 -LEADER
fixed length control field 00550nam a22001577a 4500
005 - DATE AND TIME OF LATEST TRANSACTION
control field 20120321132954.0
020 ## - INTERNATIONAL STANDARD BOOK NUMBER
International Standard Book Number 8170583403
Terms of availability 200.00
035 ## - SYSTEM CONTROL NUMBER
System control number B-85628
037 ## - SOURCE OF ACQUISITION
Stock number DPL
Source of stock number/acquisition ENG
100 ## - MAIN ENTRY--PERSONAL NAME
Personal name Sri Aurobindo
245 ## - TITLE STATEMENT
Title Savitri :
Remainder of title A legend and a symbol /
Statement of responsibility, etc by Sri Aurobindo
260 ## - PUBLICATION, DISTRIBUTION, ETC. (IMPRINT)
Place of publication, distribution, etc Pondicherry
Name of publisher, distributor, etc Sri Aurobindo Ashram
Date of publication, distribution, etc 2001
300 ## - PHYSICAL DESCRIPTION
Extent 825p.
Dimensions 22 cms.
942 ## - ADDED ENTRY ELEMENTS (KOHA)
Source of classification or shelving scheme Dewey Decimal Classification
Item type English Books
Classification part 181.499
Call number suffix AUR
Holdings
Withdrawn status Lost status Not for loan Collection code Home library Current library Date acquired Cost, normal purchase price Full call number Barcode Cost, replacement price Koha item type
      Non-fiction Sarojini Nagar Sarojini Nagar 21/03/2012 200.00 181.499 AUR B-85628 200.00 English Books

© Delhi Public Library
Hit Counter
free hit counter